00341nam a2200157Ia 450000100040000000500170000400800410002104100080006208200150007010000220008524500230010726000090013030000280013965000080016765400080017566020260306140534.0260306t2011||||xx |||||||||||||| ||spa|| aESP a128.2bK55 aKim, JaegwoneAUT 0aPhilosophy of mind c2011 a374 páginas :c23 cm. aGEN aCHU